000 00451nam a2200169Ia 4500
008 121024t1975 xxu||||| |||| 00| 0 sin d
041 _asin
080 _a8 S 31
_bMAL
100 _aMallawaarachchi, Chandrasekara
245 _aනියං කොබෙයියෝ
246 _aNiyan Kobeiyo
260 _bPubudu Publishers
_aColombo
_c1975
300 _a191p., 18 cm
942 _cBK
999 _c70256
_d70256
003 LK-CoDNM
040 _aLK-CoDNM
_dLK-CoDNM
_eLK-CoDNM